000 002730000a22000970004500
100 1 _aMalherbe, Abraham J.
245 1 0 _aThe cristianization of -topos- (Luke 12:13-43)
300 _aVol. 38, Num. 2 (Abril, 1996), Páginas 123-135
773 0 _tNovum Testamentum
942 _cANA
999 _c56909
_d56909